000 00564nam a2200193 i 4500
001 C2-0301891
003 PPAK
005 20180729000919.0
008 100104s2006 my |||| ||||| | eng d
020 _a9832743168
040 _aPPAK
_beng
_cPPAK
_erda
245 0 0 _aSmart ahead with science year 1
_bdisc 1 : ourselves (1)
264 1 _aSelangor :
_bUnik Smart Educ-Tech Sdn. Bhd. ,
_c[2006]
336 _2rdacontent
_atext
337 _2rdamedia
_aunmediated
338 _2rdacarrier
_avolume
500 _aDisertakan dengan buku panduan
942 _2ddc
_cVCD
999 _c165854
_d165854